Detalles MARC
| 000 -LIDER |
| fixed length control field |
00939cam a2200265 4500 |
| 001 - NÚMERO DE CONTROL |
| Identificador de número de control |
bimo0001886529 |
| 003 - IDENTIFICACDOR DE NÚMERO DE CONTROL |
| control field |
DO-SdBNP |
| 005 - DATE AND TIME OF LATEST TRANSACTION |
| control field |
20220831111337.0 |
| 008 - ELEMENTOS DE LONGITUD FIJA |
| fixed length control field |
031009s2003 sp | ||| ||spa |
| 020 ## - ISBN |
| International Standard Book Number |
8497643801 |
| 040 ## - FUENTE DE CATALOGACIÓN |
| Agencia que crea de manera original el registro |
BPMSU |
| Idioma de catalogación |
spa |
| Agencia que realiza la transcripción |
BPMSU |
| 082 #4 - NÚMERO DE CLASIFICACIÓN DECIMAL DE DEWEY |
| Classification number |
610 |
| Item number |
H565e 2003 |
| Edition number |
22 |
| 100 1# - ASIENTO PRINCIPAL -- NOMBRE PERSONAL |
| Nombre personal |
Herreros Ruiz Valdepeñas, Benjamín |
| Fechas asociadas con el nombre |
1973- |
| Authority record control number |
|
| 245 10 - MENCIÓN DE TITULO |
| Título |
Entienda a su médico |
| Subtítulo |
comprender las pruebas diagnósticas : análisis, radiología, endoscopia, alergia y neurofisiología |
| Mención de responsabilidad |
Herreros Ruiz Valdepeñas |
| Medio (Designación general de material) |
|
| 246 14 - VARIACION DEL TÍTULO |
| Título propiamente dicho o título corto |
Entienda a su médico : |
| Subtítulo |
aprenda a interpretar informe y pruebas |
| 260 ## - PUBLICACIÓN, DISTRIBUCIÓN, ETC. (PIE DE IMPRENTA) |
| Lugar de publicación, distribución, etc |
Madrid, España : |
| Nombre del editor, distribuidor, etc. |
EDIMAT Libros, |
| Fecha de publicación, distribución, etc |
[2003] |
| 300 ## - DESCRIPCIÓN FÍSICA |
| Extensión |
208 p. ; |
| Dimensiones |
22 cm |
| 490 0# - MENCIÓN DE SERIES |
| Mención de serie |
Médico en casa |
| Volume/sequential designation |
10 |
| 590 ## - NOTA LOCAL |
| Enlace |
Inventariado, 2022/VM |
| 650 #4 - ENCABEZAMIENTO DE MATERIA--TEMÁTICO |
| Término temático o nombre geográfico como elemento de entrada |
Médico y paciente. |
| Subdivisión de forma |
|
| Fuente del encabezamiento o término |
|
| 650 #4 - ENCABEZAMIENTO DE MATERIA--TEMÁTICO |
| Término temático o nombre geográfico como elemento de entrada |
Exámenes médicos. |
| 650 #4 - ENCABEZAMIENTO DE MATERIA--TEMÁTICO |
| Término temático o nombre geográfico como elemento de entrada |
Enfermedades |
| Subdivisión de forma |
Preguntas y respuestas. |
| 910 ## - VALIDACIÓN |
| Validación |
VMateo V. |
| 942 ## - ADDED ENTRY ELEMENTS (KOHA) |
| Source of classification or shelving scheme |
Dewey Decimal Classification |
| Koha item type |
Libros |